000
00311nam a2200145Ia 4500
100
_a
Hanson/ Harry .L.
942
_c
BK
654
_a
Marketing
245
_a
Marketing :Text & Techiques
260
_b
D.B.Taraporevala & Sons
082
_a
658.8
_b
HAN
300
_a
1024
546
_a
ENGLISH
999
_c
29334
_d
29334